Autobahnen in Hessen - Statistiken

Allgemein
  • Dieses Quiz wurde 533 mal gespielt
    503 seit der letzten Aktualisierung
  • Das Durchschnittsergebnis liegt bei 11 aus 20
Antwortstatistiken
Länge Autobahn % Korrekt
179 km A5
99%
105 km A3
98%
6,9 km A6
98%
37,1 km A4
97%
128 km A7
97%
130 km A66
85%
58 km A67
72%
119 km A45
70%
52 km A44
66%
45 km A49
61%
38 km A661
59%
10,1 km A60
46%
1,2 km A38
30%
10,8 km A671
29%
18,2 km A485
28%
5,1 km A648
27%
2,5 km A672
24%
17,3 km A480
22%
8 km A643
22%
5,5 km A659
16%
Keine übereinstimmenden Quizze gefunden
Verteilung der Resultate
Anzahl Personen mit jedem Resultat
Perzentil nach korrekt beantworteten Fragen
Ihre Resultats-Entwicklung
Sie haben dieses Quiz seit der letzten Aktualisierung nicht gespielt